[Event "Hamadan Iran op 11th"]
[Site "Hamadan"]
[Date "2012.07.11"]
[Round "1"]
[White "Ahmadinia, Ebrahim"]
[Black "Rostami Nejad, Sirous"]
[Result "1-0"]
[WhiteElo "2365"]
[BlackElo "1757"]
[PlyCount "53"]
[EventDate "2012.07.11"]
[EventType "swiss"]
[EventRounds "11"]
[EventCountry "IRI"]
[SourceTitle "CBM 149 Extra"]
[Source "ChessBase"]
[SourceDate "2012.08.24"]
[SourceVersion "1"]
[SourceVersionDate "2012.08.24"]
[SourceQuality "1"]

1. e4 e6 2. d4 d5 3. e5 c5 4. c3 Nc6 5. Nf3 Qb6 6. a3 c4 7. Nbd2 Na5 8. g3 Bd7 9. h4 f6 10. exf6 gxf6 11. Bh3 0-0-0 12. 0-0 Bd6 13. Re1 Re8 14. Rb1 e5 15. Bxd7+ Kxd7 16. dxe5 fxe5 17. b3 cxb3 18. Nxb3 Nc4 19. Nbd2 Qc7 20. Nxc4 dxc4 21. Nxe5+ Kc8 22. Qg4+ Kb8 23. Nd7+ Qxd7 24. Qxd7 Rxe1+ 25. Kg2 Bc7 26. Bf4 Re7 27. Qd8# 1-0